| 000 | 01002nam a22003137a 4500 | ||
|---|---|---|---|
| 003 | CHAP | ||
| 005 | 20220329133156.0 | ||
| 008 | 971013s1989 r 00010 d | ||
| 010 | _a3009 | ||
| 011 | _a3981 | ||
| 035 | _a3182 | ||
| 040 | _cCHAP | ||
| 082 |
_a582.15 _bN5 |
||
| 100 | 0 | 0 |
_aNiembro Rocas, Aníbal. _981243 |
| 245 |
_aSemillas de plantas leñosas _b: morfología comparada |
||
| 260 |
_aMéxico : _bLimusa, _c1989 |
||
| 300 |
_a224 p. _b: ilus |
||
| 500 | _aD48-66 | ||
| 590 |
_aBATCH-UPD _b10 _c20130110 _lUCH01 _h1532 |
||
| 590 |
_aBATCH-UPD _b10 _c20130410 _lUCH01 _h0938 |
||
| 590 |
_aBATCH-UPD _b10 _c20130914 _lUCH01 _h1839 |
||
| 590 |
_aCONVERSION _b10 _c20130109 _lUCH01 _h1303 |
||
| 650 | 1 | 4 |
_aPlantas leñosas. _989018 |
| 650 | 1 | 4 |
_aSemillas forestales. _9103935 |
| 901 | _aBK | ||
| 942 | _cLIBRO | ||
| 949 |
_a582.15 N5 _bBC _cLIBRO _d33724000453049 _eLIBRO _gI. c/e _h81447 _i3182 _si _t18.00 |
||
| 949 |
_a582.15 N5 _bBC _cLIBRO _d33724000453056 _eLIBRO _fc.2 _gI. c/e _h81448 _i3182 _si _t18.00 |
||
| 999 |
_c3009 _d3009 |
||